<?xml version="1.0" encoding="UTF-8"?>
<record
    xmlns:xsi="http://www.w3.org/2001/XMLSchema-instance"
    xsi:schemaLocation="http://www.loc.gov/MARC21/slim http://www.loc.gov/standards/marcxml/schema/MARC21slim.xsd"
    xmlns="http://www.loc.gov/MARC21/slim">

  <leader>01495nam a22003857a 4500</leader>
  <datafield tag="952" ind1=" " ind2=" ">
    <subfield code="a">0001</subfield>
    <subfield code="b">0001</subfield>
    <subfield code="d">2024-02-06</subfield>
    <subfield code="l">0</subfield>
    <subfield code="o">603 &#x15E;54D 2021</subfield>
    <subfield code="p">20892</subfield>
    <subfield code="r">2024-02-06 00:00:00</subfield>
    <subfield code="w">2024-02-06</subfield>
    <subfield code="y">BKS</subfield>
  </datafield>
  <datafield tag="999" ind1=" " ind2=" ">
    <subfield code="c">15303</subfield>
    <subfield code="d">15303</subfield>
  </datafield>
  <controlfield tag="003">MIRAKIL</controlfield>
  <controlfield tag="005">20240206175045.0</controlfield>
  <controlfield tag="008">240206b        tu ||||| |||| 00| 0 tur d</controlfield>
  <datafield tag="020" ind1=" " ind2=" ">
    <subfield code="a">9786057070234</subfield>
  </datafield>
  <datafield tag="040" ind1=" " ind2=" ">
    <subfield code="a">TR-AnCHP</subfield>
    <subfield code="c">TR-AnCHP</subfield>
  </datafield>
  <datafield tag="041" ind1=" " ind2=" ">
    <subfield code="a">T&#xFC;rk&#xE7;e</subfield>
  </datafield>
  <datafield tag="082" ind1=" " ind2=" ">
    <subfield code="a">603</subfield>
    <subfield code="b">&#x15E;54D 2021</subfield>
  </datafield>
  <datafield tag="090" ind1=" " ind2=" ">
    <subfield code="a">603 &#x15E;54D 2021</subfield>
  </datafield>
  <datafield tag="100" ind1="1" ind2=" ">
    <subfield code="a">&#x15E;&#x131;k, Ahmet</subfield>
  </datafield>
  <datafield tag="245" ind1="1" ind2="0">
    <subfield code="a">Duvar :</subfield>
    <subfield code="b">Sedat Peker'in itiraf, if&#x15F;aat ve iddialar&#x131;na ili&#x15F;kin T&#xFC;rkiye &#x130;&#x15F;&#xE7;i Partisi ara&#x15F;t&#x131;rma raporu /</subfield>
    <subfield code="c">Ahmet &#x15E;&#x131;k, Bahad&#x131;r &#xD6;zg&#xFC;r, Ertu&#x11F;rul Mavio&#x11F;lu, Hakk&#x131; &#xD6;zdal, Timur Soykan</subfield>
  </datafield>
  <datafield tag="246" ind1=" " ind2=" ">
    <subfield code="a">Sedat Peker'in itiraf, if&#x15F;aat ve iddialar&#x131;na ili&#x15F;kin T&#xFC;rkiye &#x130;&#x15F;&#xE7;i Partisi ara&#x15F;t&#x131;rma raporu.</subfield>
  </datafield>
  <datafield tag="250" ind1=" " ind2=" ">
    <subfield code="a">1. Bask&#x131;: Kas&#x131;m 2021.</subfield>
  </datafield>
  <datafield tag="260" ind1=" " ind2=" ">
    <subfield code="a">&#x130;stanbul :</subfield>
    <subfield code="b">&#x130;leri Kitapl&#x131;&#x11F;&#x131; Yay&#x131;nevi,</subfield>
    <subfield code="c">2021.</subfield>
  </datafield>
  <datafield tag="300" ind1=" " ind2=" ">
    <subfield code="a">517 sayfa ;</subfield>
    <subfield code="c">24 cm.</subfield>
  </datafield>
  <datafield tag="490" ind1="0" ind2=" ">
    <subfield code="a">&#x130;leri Kitapl&#x131;&#x11F;&#x131; Yay&#x131;nevi ;</subfield>
    <subfield code="v">11</subfield>
  </datafield>
  <datafield tag="500" ind1=" " ind2=" ">
    <subfield code="a">Dizin vard&#x131;r.</subfield>
  </datafield>
  <datafield tag="650" ind1=" " ind2="0">
    <subfield code="9">6726</subfield>
    <subfield code="a">&#xD6;rg&#xFC;tl&#xFC; su&#xE7;</subfield>
  </datafield>
  <datafield tag="650" ind1=" " ind2="4">
    <subfield code="9">1089</subfield>
    <subfield code="a">Siyaset y&#xF6;netimi</subfield>
    <subfield code="y">21. yy</subfield>
    <subfield code="z">T&#xFC;rkiye</subfield>
  </datafield>
  <datafield tag="650" ind1=" " ind2="0">
    <subfield code="9">7462</subfield>
    <subfield code="a">Derin Devlet</subfield>
  </datafield>
  <datafield tag="650" ind1=" " ind2="4">
    <subfield code="9">1054</subfield>
    <subfield code="a">&#x130;&#xE7; siyaset</subfield>
    <subfield code="x">G&#xF6;r&#xFC;&#x15F;ler324 2172</subfield>
  </datafield>
  <datafield tag="650" ind1=" " ind2="0">
    <subfield code="9">6727</subfield>
    <subfield code="a">Mafya</subfield>
  </datafield>
  <datafield tag="650" ind1=" " ind2="0">
    <subfield code="9">5863</subfield>
    <subfield code="a">Siyasal su&#xE7;lar</subfield>
  </datafield>
  <datafield tag="700" ind1=" " ind2=" ">
    <subfield code="9">7463</subfield>
    <subfield code="a">&#xD6;zg&#xFC;r, Bahad&#x131;r</subfield>
    <subfield code="e">ortak yazar</subfield>
  </datafield>
  <datafield tag="700" ind1=" " ind2=" ">
    <subfield code="9">7464</subfield>
    <subfield code="a">Mavio&#x11F;lu, Bahad&#x131;r</subfield>
    <subfield code="e">ortak yazar</subfield>
  </datafield>
  <datafield tag="700" ind1=" " ind2=" ">
    <subfield code="9">7465</subfield>
    <subfield code="a">&#xD6;zdal, Hakk&#x131;</subfield>
    <subfield code="e">ortak yazar</subfield>
  </datafield>
  <datafield tag="700" ind1=" " ind2=" ">
    <subfield code="9">7467</subfield>
    <subfield code="a">Soykan, Timur</subfield>
    <subfield code="e">ortak yazar</subfield>
  </datafield>
  <datafield tag="856" ind1=" " ind2=" ">
    <subfield code="z">Dijital N&#xFC;shas&#x131; i&#xE7;in Partimizin K&#xFC;t&#xFC;phane Sorumlusu ile ileti&#x15F;ime ge&#xE7;iniz.</subfield>
  </datafield>
  <datafield tag="942" ind1=" " ind2=" ">
    <subfield code="2">ddc</subfield>
    <subfield code="c">BKS</subfield>
  </datafield>
  <datafield tag="999" ind1=" " ind2=" ">
    <subfield code="d">15303</subfield>
  </datafield>
</record>
